[Event "24th ch-EUR Indiv w 2024"]
[Site "Rhodes GRE"]
[Date "2024.04.21"]
[Round "3.52"]
[White "Pavlidou, Ekaterini"]
[Black "Rzali, Sabina"]
[Result "1/2-1/2"]
[WhiteTitle "WIM"]
[BlackTitle "WCM"]
[WhiteElo "2201"]
[BlackElo "2039"]
[WhiteFideId "4213262"]
[BlackFideId "13410920"]
[EventDate "2024.04.19"]

1. d4 d5 2. c4 dxc4 3. Nf3 Nf6 4. e3 e6 5. Bxc4 a6 6. O-O b5 7. Bd3 Bb7 8. Re1
c5 9. Nc3 Nbd7 10. Bc2 Be7 11. e4 cxd4 12. Nxd4 b4 13. Na4 Qa5 14. Qe2 Qh5 15.
Qxh5 Nxh5 16. e5 g5 17. Bd1 Ng7 18. f4 gxf4 19. Bxf4 O-O 20. Rc1 Rac8 21. Bf3
Bxf3 22. Nxf3 Nc5 23. Nxc5 Bxc5+ 24. Kf1 Nf5 25. Rc4 Bb6 26. Rec1 Rxc4 27. Rxc4
a5 28. Ke2 h5 29. Bg5 Rb8 30. Bf6 Kf8 31. Bg5 Ke8 32. h3 Kd7 1/2-1/2

[Event "24th ch-EUR Indiv w 2024"]
[Site "Rhodes GRE"]
[Date "2024.04.21"]
[Round "3.53"]
[White "Aydin, Gulenay"]
[Black "Szente Varga, Fruzsina"]
[Result "0-1"]
[WhiteTitle "WFM"]
[BlackTitle "WFM"]
[WhiteElo "2195"]
[BlackElo "2025"]
[WhiteFideId "34557431"]
[BlackFideId "712264"]
[EventDate "2024.04.19"]

1. e4 c5 2. Nf3 Nc6 3. Bb5 g6 4. O-O Bg7 5. c3 Nf6 6. Re1 O-O 7. d4 d5 8. e5 Ne4
9. Bxc6 bxc6 10. Be3 Rb8 11. Qc1 f6 12. exf6 Bxf6 13. dxc5 e5 14. Nbd2 Nxd2 15.
Qxd2 Bg4 16. Bh6 Re8 17. Re3 Qe7 18. Rae1 Bxf3 19. Rxf3 a5 20. Be3 Bg7 21. b3
Qb7 22. h4 Re6 23. Rh3 Rbe8 24. h5 Qe7 25. hxg6 Rxg6 26. b4 axb4 27. cxb4 Qd7
28. Kh1 d4 29. Bh6 Qd5 30. f3 Ra8 31. Re2 Bf6 32. Rh5 Qc4 33. Bg5 Bg7 34. Be7
Qf7 35. Bg5 Qf5 36. Rf2 h6 37. g4 Qe6 38. Bh4 Ra3 39. Qe2 Re3 40. Qf1 e4 41. Rf5
exf3 42. Qh3 Re4 43. R5xf3 Rexg4 44. Bg3 Qd5 45. Kh2 R6g5 46. Rf5 Rxg3 47. Qxg3
Rxf5 0-1

[Event "24th ch-EUR Indiv w 2024"]
[Site "Rhodes GRE"]
[Date "2024.04.21"]
[Round "3.54"]
[White "Makka, Ioulia"]
[Black "Nilssen, Ellen Fredericia"]
[Result "0-1"]
[WhiteTitle "WIM"]
[BlackTitle "WFM"]
[WhiteElo "1983"]
[BlackElo "2195"]
[WhiteFideId "4205316"]
[BlackFideId "1441230"]
[EventDate "2024.04.19"]

1. e4 c5 2. Nf3 d6 3. d4 cxd4 4. Nxd4 Nf6 5. Nc3 a6 6. g3 e5 7. Nb3 Be7 8. Bg2
O-O 9. a4 Nc6 10. Nd5 Nxd5 11. exd5 Na5 12. Nd2 Qc7 13. O-O Bf5 14. c3 b5 15.
Qe2 Bd7 16. f4 bxa4 17. Rf2 Bb5 18. Qh5 Rae8 19. Ra3 Nc4 20. Nxc4 Qxc4 21. Be3
Qd3 22. Bf1 Qxd5 23. c4 Bxc4 24. Rxa4 Bxf1 25. Rxf1 Qb5 26. Rfa1 exf4 27. Qxb5
axb5 28. Rxf4 Bg5 29. Kf2 Bxf4 30. Bxf4 Ra8 31. Rd1 Rfd8 32. Rd5 f6 33. Ke2 Kf7
34. Bc1 Rac8 35. Kd1 Rc5 36. Rd4 d5 37. Bd2 Ke6 38. Rg4 Rd7 39. Rf4 Rc4 40. Rf3
d4 41. Rd3 Ke5 42. Rb3 Rd5 43. Ra3 Ra4 44. Rb3 Ke4 45. Bf4 d3 46. Kd2 Rc4 47.
Kd1 g5 48. Bd2 Ra4 49. Bc3 f5 50. Kd2 f4 51. gxf4 gxf4 0-1

[Event "24th ch-EUR Indiv w 2024"]
[Site "Rhodes GRE"]
[Date "2024.04.21"]
[Round "3.55"]
[White "Alexandri, Dimitra"]
[Black "Ciolacu, Alessia-Mihaela"]
[Result "1/2-1/2"]
[BlackTitle "WIM"]
[WhiteElo "1979"]
[BlackElo "2188"]
[WhiteFideId "42107989"]
[BlackFideId "1252640"]
[EventDate "2024.04.19"]

1. d4 Nf6 2. c4 e6 3. Nc3 Bb4 4. Qc2 d5 5. a3 Bxc3+ 6. Qxc3 O-O 7. Nf3 c5 8.
dxc5 Ne4 9. Qc2 Nxc5 10. b4 Ne4 11. Bb2 a5 12. e3 Qe7 13. c5 b6 14. Bd3 Bb7 15.
O-O bxc5 16. bxc5 Rc8 17. Bd4 f6 18. Rab1 Na6 19. Bxe4 dxe4 20. Nd2 Nxc5 21.
Bxc5 Rxc5 22. Rxb7 Rxc2 23. Rxe7 Rxd2 24. Rxe6 Ra2 25. Rxe4 Rxa3 26. Rd4 Ra2 27.
Rd7 Rc8 28. Rb1 Rac2 29. g3 Rc1+ 30. Rxc1 Rxc1+ 31. Kg2 a4 32. Ra7 Ra1 33. e4 a3
34. f4 a2 35. e5 fxe5 36. fxe5 h5 37. h4 Kh7 38. e6 Kg6 39. e7 Kf7 40. Kh2 g6
41. Kg2 Ke8 42. Kh2 Re1 43. Rxa2 Kxe7 44. Kg2 Kf6 45. Rf2+ Ke6 46. Rf8 Re5 47.
Rf4 Rf5 48. Rxf5 Kxf5 49. Kf3 Ke5 1/2-1/2

[Event "24th ch-EUR Indiv w 2024"]
[Site "Rhodes GRE"]
[Date "2024.04.21"]
[Round "3.56"]
[White "Bluebaum, Johanna"]
[Black "Ibrahimova, Sabina"]
[Result "0-1"]
[BlackTitle "WIM"]
[WhiteElo "1977"]
[BlackElo "2175"]
[WhiteFideId "24647373"]
[BlackFideId "13403893"]
[EventDate "2024.04.19"]

1. d4 Nf6 2. c4 g6 3. Nc3 Bg7 4. e4 d6 5. Be2 O-O 6. Nf3 e5 7. dxe5 dxe5 8. O-O
Nbd7 9. Qc2 c6 10. Be3 Qe7 11. a3 Ng4 12. Bg5 f6 13. Bh4 Nc5 14. h3 Nh6 15. b4
Ne6 16. Rfd1 Nf7 17. c5 Nfg5 18. Bxg5 fxg5 19. Bc4 Kh8 20. Ne2 a5 21. Ra2 Nc7
22. Nh2 Qf6 23. Ng3 Ne6 24. Rd6 Qe7 25. Ne2 Nd4 26. Qd3 b5 27. Bb3 a4 28. Bd1
Qf7 29. Nc3 Be6 30. Rd2 Rad8 31. Rxd8 Rxd8 32. Qe3 Qe7 33. Ne2 h6 34. Nc3 Kh7
35. Kh1 Rf8 36. Bg4 Bc4 37. Bd1 Bf6 38. Qe1 h5 39. g4 h4 40. Ne2 Bg7 41. Ng1 Rd8
42. Nhf3 Rd7 43. Qe3 Bf6 44. Kg2 Qd8 45. Qc3 Ne6 46. Rxd7+ Qxd7 47. Qd2 Nf4+ 48.
Kh2 Qd3 49. Qxd3 Nxd3 50. Nd2 Be6 51. Kg2 Be7 52. Ngf3 Nf4+ 53. Kh2 Bf6 54. Ne1
Kg7 55. Nb1 Kf7 56. Nc3 Bc4 57. Ng2 Ke7 58. Ne3 Bf7 59. Bc2 Kd7 60. Bd1 Be7 61.
Bc2 Ne6 62. Ng2 Nd4 63. Ne1 Bc4 64. Kg2 Kc7 65. Bd3 Be6 66. Nf3 Bf6 67. Nxd4
exd4 68. Ne2 Be5 69. Ng1 Bc4 70. Bxc4 bxc4 71. Nf3 d3 72. Kf1 Bb2 73. e5 c3 74.
Ke1 c2 0-1

[Event "24th ch-EUR Indiv w 2024"]
[Site "Rhodes GRE"]
[Date "2024.04.21"]
[Round "3.57"]
[White "Terbe, Zsuzsanna"]
[Black "Lomaia, Diana"]
[Result "1/2-1/2"]
[WhiteTitle "WIM"]
[BlackTitle "WFM"]
[WhiteElo "2174"]
[BlackElo "2005"]
[WhiteFideId "708801"]
[BlackFideId "13612476"]
[EventDate "2024.04.19"]

1. e4 c5 2. Nf3 e6 3. d4 cxd4 4. Nxd4 Nc6 5. Nc3 Qc7 6. Be3 a6 7. g4 b5 8. Nxc6
Qxc6 9. Qd2 b4 10. Ne2 Qxe4 11. Rg1 Qc6 12. O-O-O d5 13. Bg2 Bb7 14. f4 Nf6 15.
f5 Ne4 16. Bxe4 dxe4 17. Bg5 Qd5 18. Qf4 Qc6 19. fxe6 Qxe6 20. Nd4 Qd6 21. Qf2
Be7 22. Be3 O-O 23. g5 Rac8 24. Nf5 Qc7 25. Bd4 e3 26. Nxe3 Be4 27. Rd2 Bc5 28.
Rg4 Rfe8 29. Rf4 Bg6 30. Nd5 Bxd4 31. Rfxd4 Qe5 32. Nxb4 Qxg5 33. Kb1 1/2-1/2

[Event "24th ch-EUR Indiv w 2024"]
[Site "Rhodes GRE"]
[Date "2024.04.21"]
[Round "3.58"]
[White "Esadze, Tamari"]
[Black "Markantonaki, Haritomeni"]
[Result "0-1"]
[BlackTitle "WFM"]
[WhiteElo "1965"]
[BlackElo "2167"]
[WhiteFideId "13611186"]
[BlackFideId "4207050"]
[EventDate "2024.04.19"]

1. e4 e5 2. Nf3 Nc6 3. Bb5 a6 4. Ba4 Bc5 5. O-O Nge7 6. c3 Ng6 7. d4 Ba7 8. Be3
O-O 9. Bb3 d6 10. Nbd2 h6 11. h3 Qf6 12. d5 Nce7 13. Kh2 Nf4 14. Ng1 g5 15. g3
Nfg6 16. Bxa7 Rxa7 17. Qe2 Qg7 18. Bc2 Bd7 19. c4 Raa8 20. b4 c6 21. a4 Rac8 22.
Bd3 Rfd8 23. Rfb1 f5 24. f3 h5 25. exf5 Nxf5 26. Qe4 Nfe7 27. Qe3 h4 28. g4 cxd5
29. Qxg5 Nf4 30. Qxg7+ Kxg7 31. Bf1 Be6 32. c5 dxc5 33. bxc5 Rxc5 34. Rxb7 Kf7
35. Rd1 Rc2 36. Kh1 Rdc8 37. Bxa6 R8c3 38. g5 Ra3 39. Ne2 Ng6 40. Nb3 Raa2 41.
Bd3 Rxe2 42. Bxe2 Rxe2 43. Rd2 Re1+ 44. Kh2 d4 45. Nxd4 exd4 46. Rxd4 Re2+ 47.
Kg1 Bxh3 48. f4 Rg2+ 49. Kh1 Ra2 50. Rc7 Bf5 51. Rc1 h3 52. a5 Rxa5 53. Kh2 Ra2+
54. Kg3 Rg2+ 55. Kf3 Nh4+ 56. Ke3 Rg3+ 57. Kf2 Rf3+ 58. Kg1 Ra3 59. Rd6 Ra2 60.
Rf6+ Kg7 61. Rxf5 Nf3+ 62. Kf1 h2 63. Rf7+ Kxf7 64. g6+ 0-1

[Event "24th ch-EUR Indiv w 2024"]
[Site "Rhodes GRE"]
[Date "2024.04.21"]
[Round "3.59"]
[White "Eric, Jovana"]
[Black "Peglau, Dora"]
[Result "1/2-1/2"]
[WhiteTitle "WGM"]
[WhiteElo "2162"]
[BlackElo "2002"]
[WhiteFideId "938238"]
[BlackFideId "16220005"]
[EventDate "2024.04.19"]

1. e4 e5 2. Nf3 Nf6 3. Nxe5 d6 4. Nf3 Nxe4 5. Nc3 Nxc3 6. dxc3 Be7 7. Be3 O-O 8.
Qd2 Nd7 9. O-O-O Nf6 10. Kb1 Re8 11. Bc4 Bg4 12. h3 Bxf3 13. gxf3 c6 14. Rhg1 d5
15. Bd3 Qc7 16. Bd4 g6 17. Rde1 Nh5 18. Be3 Bd6 19. Rg4 Nf4 20. Reg1 Nxd3 21.
Qxd3 Bh2 22. Rh1 h5 23. Rg2 Bf4 24. Rhg1 Re6 25. a3 Rae8 26. c4 dxc4 27. Qxc4
Bxe3 28. fxe3 b5 29. Qh4 Kf8 30. e4 Rd8 31. Qg5 Ke8 32. Ka2 Qe5 33. Qh6 Red6 34.
Rg5 Qe6+ 35. b3 a5 36. Qg7 Qf6 37. Re5+ Kd7 38. Qxf6 Rxf6 39. Rf1 Kc7 40. f4 Rd2
41. Kb2 Re2 42. Rf3 Kd6 43. Rd3+ Kc7 44. Re7+ Kb6 45. Rdd7 b4 46. axb4 axb4 47.
Rb7+ Kc5 48. Re5+ Kd6 49. Rxb4 Rxf4 50. Re8 Kd7 51. Rf8 Ke7 52. Rc8 Kd7 53. Rf8
Rh2 54. Rb7+ Ke6 55. Rb6 Rxh3 56. Rxc6+ Ke7 57. Rcc8 Re3 58. Rfe8+ Kf6 59. Rc4
Kg5 60. b4 h4 61. b5 h3 62. b6 h2 63. b7 h1=Q 64. b8=Q Re1 65. Qd8+ f6 66. Qd5+
f5 67. Qd2 Rb1+ 68. Kc3 Qf3+ 69. Qd3 Rd1 70. Qxf3 Rxf3+ 71. Kb2 Re3 72. Re6 f4
73. Rcc6 f3 74. Rxg6+ Kf4 75. Rcf6+ Ke5 76. Re6+ Kf4 77. Ref6+ Ke5 78. Re6+ Kf4 1/2-1/2

[Event "24th ch-EUR Indiv w 2024"]
[Site "Rhodes GRE"]
[Date "2024.04.21"]
[Round "3.60"]
[White "Allahverdiyeva, Ayan"]
[Black "Silva, Mariana Sofia T."]
[Result "1-0"]
[WhiteTitle "WIM"]
[BlackTitle "WCM"]
[WhiteElo "2152"]
[BlackElo "1980"]
[WhiteFideId "13412590"]
[BlackFideId "1911899"]
[EventDate "2024.04.19"]

1. e4 c5 2. Nf3 Nc6 3. Bb5 Nf6 4. Bxc6 dxc6 5. d3 g6 6. h3 Bg7 7. Nc3 O-O 8. O-O
Qc7 9. Be3 b6 10. a4 a5 11. Qd2 e5 12. Nh2 Ba6 13. f4 Nh5 14. f5 c4 15. Ng4 f6
16. d4 exd4 17. Bxd4 Rad8 18. Qf2 c5 19. Be3 Bb7 20. Rad1 Qe7 21. Nh2 gxf5 22.
exf5 Kh8 23. g4 Rxd1 24. Rxd1 Rg8 25. Kf1 Bf8 26. gxh5 Rg2 27. Qf4 Rxh2 28. Qxh2
Qxe3 29. Rd8 Qc1+ 30. Nd1 Bf3 31. Qg3 1-0

[Event "24th ch-EUR Indiv w 2024"]
[Site "Rhodes GRE"]
[Date "2024.04.21"]
[Round "3.61"]
[White "Golsta, Ramona"]
[Black "Rodriguez Redondo, Adhara"]
[Result "0-1"]
[BlackTitle "WFM"]
[WhiteElo "1867"]
[BlackElo "2152"]
[WhiteFideId "11607394"]
[BlackFideId "32065698"]
[EventDate "2024.04.19"]

1. d4 Nf6 2. c4 e6 3. Nf3 d5 4. Nc3 Bb4 5. Bg5 h6 6. Bxf6 Qxf6 7. e3 O-O 8. a3
Bxc3+ 9. bxc3 c5 10. Bd3 dxc4 11. Bxc4 b6 12. O-O Bb7 13. Re1 Nc6 14. Qe2 Rad8
15. Rad1 g6 16. Bb5 Qe7 17. Bxc6 Bxc6 18. Ne5 Ba8 19. Qg4 Kh7 20. e4 cxd4 21.
cxd4 Qg5 22. Qxg5 hxg5 23. f3 Kg7 24. Rc1 Rxd4 25. Rc7 Ra4 26. Re3 Ra5 27. Nc4
Rc5 28. Rxc5 bxc5 29. Rc3 Rc8 30. Nd2 Bb7 31. Nb3 c4 32. Nd2 Ba6 33. Kf2 Kf6 34.
Ke3 e5 35. Ke2 Ke6 36. Nf1 Kd6 37. Ne3 Kc5 38. Kd2 Rb8 39. Kc2 Bb5 40. Kc1 Kd4
41. Kd2 a5 42. Nc2+ Kc5 43. Ne3 Ba6 44. Kc2 Kd4 45. Kd2 Rb1 46. Nc2+ Kc5 47. h3
f5 48. exf5 gxf5 49. Ne1 f4 50. Nd3+ Kd4 51. Nc1 Rb2+ 52. Rc2 c3+ 53. Kd1 Bc4 0-1

[Event "24th ch-EUR Indiv w 2024"]
[Site "Rhodes GRE"]
[Date "2024.04.21"]
[Round "3.62"]
[White "Manakova, Maria"]
[Black "Karaivanova, Petya"]
[Result "1-0"]
[WhiteTitle "WGM"]
[BlackTitle "WFM"]
[WhiteElo "2148"]
[BlackElo "1909"]
[WhiteFideId "927007"]
[BlackFideId "2919150"]
[EventDate "2024.04.19"]

1. e4 e5 2. Nf3 Nc6 3. Bc4 Nf6 4. d3 Bc5 5. O-O O-O 6. h3 h6 7. Re1 Re8 8. c3 d5
9. exd5 Nxd5 10. d4 Nb6 11. Bxf7+ Kxf7 12. dxc5 Qxd1 13. Rxd1 Nd7 14. Be3 Nf6
15. Na3 e4 16. Nd4 Ne5 17. Ndb5 Re7 18. Rd8 Nc6 19. Rd2 a6 20. Nd4 Ne5 21. c4
Bd7 22. b3 Nd3 23. Ne2 Re5 24. Bd4 Rg5 25. Ng3 Bc6 26. Nc2 h5 27. h4 Rg4 28. Nf5
Rxg2+ 29. Kxg2 e3+ 30. f3 exd2 31. Rd1 Rd8 32. Rxd2 Nxc5 33. Nb4 Ne6 34. Nxc6
bxc6 35. Be3 Rxd2+ 36. Bxd2 Nd7 37. Ng3 g6 38. Kf2 Ne5 39. Ke3 c5 40. f4 Ng4+
41. Ke4 c6 42. f5 Nd4 43. Kf4 Nh2 44. fxg6+ Kxg6 45. Ba5 Nhf3 46. Bd8 Ne1 47.
Ke4 Nec2 48. Bb6 Ne6 49. Ke5 Ncd4 50. Ne4 Ng7 51. Bxc5 Nf3+ 52. Kd6 Nxh4 53.
Kxc6 Nhf5 54. Kb6 h4 55. Bg1 h3 56. Nf2 1-0

[Event "24th ch-EUR Indiv w 2024"]
[Site "Rhodes GRE"]
[Date "2024.04.21"]
[Round "3.63"]
[White "Tsolakidou, Stavroula"]
[Black "Tashkinova, Sofiia"]
[Result "1-0"]
[WhiteTitle "IM"]
[WhiteElo "2424"]
[BlackElo "2066"]
[WhiteFideId "4264312"]
[BlackFideId "14188309"]
[EventDate "2024.04.19"]

1. Nf3 d5 2. g3 Nf6 3. Bg2 c5 4. O-O e6 5. c4 d4 6. e3 Nc6 7. exd4 cxd4 8. d3
Bc5 9. Bg5 h6 10. Bxf6 Qxf6 11. Nbd2 Qe7 12. Qe2 O-O 13. Ne5 Bd7 14. Nb3 Rfd8
15. f4 a5 16. Nxd7 Rxd7 17. Bxc6 bxc6 18. Qe4 Rc7 19. f5 exf5 20. Qxf5 Bd6 21.
Rae1 Qd8 22. Re2 a4 23. Nd2 Re7 24. Ne4 Ra5 25. Qg4 Rae5 26. Ref2 Bc5 27. Rf4
Qb8 28. Nf6+ Kh8 29. Nd7 Rxd7 30. Qxd7 f6 31. Qxc6 Qxb2 32. Rxf6 Qd2 33. R6f5
Qe3+ 34. Kg2 Rxf5 35. Rxf5 Bb4 36. Qa8+ Kh7 37. Qe4 Qxe4+ 38. dxe4 d3 39. Rd5 1-0

[Event "24th ch-EUR Indiv w 2024"]
[Site "Rhodes GRE"]
[Date "2024.04.21"]
[Round "3.64"]
[White "Hapala, Elisabeth"]
[Black "Mkrtchyan, Mariam"]
[Result "0-1"]
[WhiteTitle "WFM"]
[BlackTitle "WIM"]
[WhiteElo "2044"]
[BlackElo "2354"]
[WhiteFideId "1622080"]
[BlackFideId "13310828"]
[EventDate "2024.04.19"]

1. e4 e5 2. Nf3 Nc6 3. Bb5 a6 4. Ba4 Nf6 5. O-O Nxe4 6. d4 Be7 7. d5 Nc5 8. dxc6
Nxa4 9. cxd7+ Qxd7 10. Qxd7+ Bxd7 11. Nxe5 Be6 12. b3 Bf6 13. f4 Nc5 14. Bb2
O-O-O 15. Na3 Rd2 16. Rad1 Rhd8 17. Rxd2 Rxd2 18. Rf2 Rd8 19. Nac4 Ne4 20. Rf1
Bxc4 21. Nxc4 Bxb2 22. Nxb2 Rd2 23. Re1 Nd6 24. Rc1 b5 25. a4 Nf5 26. axb5 axb5
27. Nd3 Nd4 28. Kf1 Nxc2 29. Ne1 Ne3+ 30. Kg1 f6 31. Rc5 Re2 32. Rc1 Kb7 33. g3
Kb6 34. Nd3 Rg2+ 35. Kh1 Rd2 36. Nc5 Rc2 37. Rxc2 Nxc2 38. Ne6 c5 39. Nxg7 c4
40. bxc4 b4 41. Ne8 f5 42. Nf6 b3 43. Nd5+ Kc5 44. Nc3 Kxc4 45. Na4 Ne3 46. h3
h5 47. Kg1 Kb4 48. Nb2 Kc3 49. Na4+ Kc2 50. Kf2 Nd1+ 51. Kf3 Nc3 52. Nb6 Kd3 53.
Nd7 b2 54. Ne5+ Kd4 0-1

[Event "24th ch-EUR Indiv w 2024"]
[Site "Rhodes GRE"]
[Date "2024.04.21"]
[Round "3.65"]
[White "Valkova, Angelika"]
[Black "Houska, Jovanka"]
[Result "0-1"]
[BlackTitle "IM"]
[WhiteElo "2009"]
[BlackElo "2340"]
[WhiteFideId "14129272"]
[BlackFideId "405094"]
[EventDate "2024.04.19"]

1. d4 d5 2. c4 e6 3. Nc3 Be7 4. cxd5 exd5 5. Bf4 c6 6. e3 Bf5 7. Qf3 Nf6 8. h3
Bg6 9. Nge2 Qb6 10. O-O-O Nbd7 11. Ng3 Bb4 12. e4 Qa5 13. e5 Ne4 14. Ncxe4 dxe4
15. Qb3 Nb6 16. h4 h6 17. a3 Be7 18. Be3 O-O 19. h5 Bh7 20. Be2 Nd5 21. Kb1 Kh8
22. Bc4 Rad8 23. Ne2 Nxe3 24. fxe3 Bg5 25. Nf4 Qc7 26. g3 a5 27. Qc3 Bf5 28.
Rdf1 Bg4 29. Rf2 Bf3 30. Rg1 Qe7 31. g4 Bxf4 32. exf4 Qh4 33. Qd2 b5 34. Rh2
Rxd4 35. Qxd4 Qxh2 36. Bxf7 Rxf7 37. e6 Rf8 38. e7 Rg8 39. Rc1 Bxg4 40. Rxc6
Qh1+ 41. Ka2 Qxh5 42. Rc7 Be6+ 43. Kb1 Qh1+ 44. Kc2 Qg2+ 45. Kb1 Qf1+ 46. Kc2
Qe2+ 47. Kc1 Re8 48. Rc6 Qf1+ 49. Kd2 e3+ 50. Kc2 Qg2+ 0-1

[Event "24th ch-EUR Indiv w 2024"]
[Site "Rhodes GRE"]
[Date "2024.04.21"]
[Round "3.66"]
[White "Androni, Konstantina"]
[Black "Zimina, Olga"]
[Result "0-1"]
[BlackTitle "IM"]
[WhiteElo "1977"]
[BlackElo "2299"]
[WhiteFideId "4215362"]
[BlackFideId "4132190"]
[EventDate "2024.04.19"]

1. d4 Nf6 2. c4 e6 3. Nc3 Bb4 4. e3 O-O 5. Bd2 b6 6. Nf3 c5 7. a3 Bxc3 8. Bxc3
Ne4 9. Rc1 Bb7 10. Be2 d6 11. O-O Nxc3 12. Rxc3 Qe7 13. b4 Rd8 14. Qb1 Nd7 15.
Rd1 Nf6 16. Nd2 Rac8 17. Bf3 cxd4 18. exd4 Nd5 19. Rcc1 Nf4 20. Re1 b5 21. g3
Nh3+ 22. Kg2 Ng5 23. Bxb7 Qxb7+ 24. f3 bxc4 25. Re3 e5 26. dxe5 dxe5 27. Nxc4
Qd7 28. Qa2 h5 29. Qe2 f6 30. Re1 h4 31. g4 Ne6 32. Kh1 Nd4 33. Qd3 Qf7 34. Rc1
Nxf3 35. Qf1 Ng5 36. h3 Rd4 37. Na5 Qd5+ 38. Kg1 Rxc1 0-1

[Event "24th ch-EUR Indiv w 2024"]
[Site "Rhodes GRE"]
[Date "2024.04.21"]
[Round "3.67"]
[White "Federovski, Adi"]
[Black "Movsesian, Julia"]
[Result "1-0"]
[BlackTitle "WGM"]
[WhiteElo "1976"]
[BlackElo "2276"]
[WhiteFideId "2813777"]
[BlackFideId "4139690"]
[EventDate "2024.04.19"]

1. e4 e5 2. Nf3 Nc6 3. Bb5 a6 4. Ba4 Nf6 5. d3 b5 6. Bb3 Be7 7. O-O O-O 8. Nbd2
d6 9. c3 Nb8 10. Re1 Nbd7 11. Nf1 Nc5 12. Bc2 Bb7 13. Ng3 Re8 14. b4 Ncd7 15.
Bb3 h6 16. Nf5 Bf8 17. N3h4 d5 18. Qf3 Kh7 19. Qh3 c5 20. Nxg7 Bxg7 21. Nf5 Rh8
22. Bxh6 Kg8 23. Nxg7 Nf8 24. Nf5 c4 25. dxc4 bxc4 26. Bc2 Ng6 27. exd5 Nxd5 28.
Rad1 Qb6 29. Qg3 Re8 30. h4 1-0

[Event "24th ch-EUR Indiv w 2024"]
[Site "Rhodes GRE"]
[Date "2024.04.21"]
[Round "3.68"]
[White "Mashchenko, Tamila"]
[Black "Skuhala, Barbara"]
[Result "1-0"]
[BlackTitle "WFM"]
[WhiteElo "1970"]
[BlackElo "2162"]
[WhiteFideId "14154463"]
[BlackFideId "14605465"]
[EventDate "2024.04.19"]

1. d4 d5 2. c4 c6 3. Nc3 Nf6 4. Nf3 a6 5. cxd5 cxd5 6. Bf4 Nc6 7. e3 Bg4 8. Be2
e6 9. Rc1 Be7 10. O-O O-O 11. Ne1 Bf5 12. Nd3 Rc8 13. Na4 b5 14. Nac5 Qb6 15.
Bg5 Rfd8 16. a4 b4 17. Nf4 Ra8 18. g4 Bg6 19. h4 h6 20. Bxf6 Bxf6 21. Nxg6 fxg6
22. Nxe6 Rd6 23. Nf4 Ne7 24. Bf3 Bxh4 25. Rc5 Rad8 26. Qb3 Kh8 27. Nxd5 Nxd5 28.
Rxd5 Rxd5 29. Bxd5 h5 30. Be6 Qd6 31. d5 Rf8 32. f4 hxg4 33. Qd3 Rf6 34. Qc4 g5
35. Kg2 Kh7 36. Qe4+ Kh8 37. Qc4 Kh7 38. Qe4+ Kh8 39. Bxg4 gxf4 40. exf4 Rf8 41.
Be6 Rf6 42. Rc1 g6 43. Rc8+ Kg7 44. Qe5 Qb6 45. Qc7+ Qxc7 46. Rxc7+ Kf8 47. Rc4
Be1 48. Kf3 Ke7 49. Kg4 Bd2 50. Kg5 Rf8 51. Rd4 Be1 52. Kxg6 a5 53. f5 Bg3 54.
Rc4 Be5 55. Rc6 Bxb2 56. d6+ 1-0

[Event "24th ch-EUR Indiv w 2024"]
[Site "Rhodes GRE"]
[Date "2024.04.21"]
[Round "3.69"]
[White "Ivan-Gal, Hanna Krisztina"]
[Black "Stefanidi, Maria-Anna"]
[Result "1-0"]
[WhiteTitle "WFM"]
[BlackTitle "WFM"]
[WhiteElo "2161"]
[BlackElo "1944"]
[WhiteFideId "711861"]
[BlackFideId "4207750"]
[EventDate "2024.04.19"]

1. e4 e5 2. Nf3 Nc6 3. Bb5 a6 4. Ba4 Nge7 5. c3 Ng6 6. d4 exd4 7. cxd4 Bb4+ 8.
Nc3 d5 9. exd5 Qxd5 10. O-O Bxc3 11. bxc3 O-O 12. Bb3 Qh5 13. Ng5 Bg4 14. f3 Bd7
15. Ne4 Rae8 16. Ng3 Qh4 17. f4 Bg4 18. Qd3 Rd8 19. f5 Nge5 20. Qe4 Nd7 21. Qf4
Nf6 22. h3 Rfe8 23. Bd1 h5 24. hxg4 hxg4 25. Bd2 Ne7 26. Ne4 Ned5 27. Nxf6+ Nxf6
28. Qh2 Qxh2+ 29. Kxh2 c5 30. Bg5 cxd4 31. Bxf6 gxf6 32. cxd4 Rxd4 33. Bb3 Kg7
34. Rad1 Rde4 35. Rd7 Rh8+ 36. Kg3 1-0

[Event "24th ch-EUR Indiv w 2024"]
[Site "Rhodes GRE"]
[Date "2024.04.21"]
[Round "3.70"]
[White "Follana Albelda, Lucia"]
[Black "Kalaiyalahan, Akshaya"]
[Result "1/2-1/2"]
[BlackTitle "FM"]
[WhiteElo "1954"]
[BlackElo "2148"]
[WhiteFideId "24516937"]
[BlackFideId "422894"]
[EventDate "2024.04.19"]

1. e4 c5 2. Nf3 d6 3. d4 cxd4 4. Nxd4 Nf6 5. Nc3 e5 6. Bb5+ Nbd7 7. Nf5 a6 8.
Ba4 b5 9. Bb3 Nc5 10. Bg5 Bxf5 11. exf5 Nxb3 12. axb3 Be7 13. Bxf6 Bxf6 14. Qd5
O-O 15. Ne4 Be7 16. O-O Qc8 17. c4 bxc4 18. bxc4 Qxf5 19. Nxd6 Bxd6 20. Qxd6 Qc2
21. Rxa6 Rxa6 22. Qxa6 Qxb2 23. Qd6 1/2-1/2

[Event "24th ch-EUR Indiv w 2024"]
[Site "Rhodes GRE"]
[Date "2024.04.21"]
[Round "3.71"]
[White "Olde, Margareth"]
[Black "Grapsa, Georgia"]
[Result "1/2-1/2"]
[WhiteTitle "WIM"]
[BlackTitle "WFM"]
[WhiteElo "2146"]
[BlackElo "1920"]
[WhiteFideId "4503082"]
[BlackFideId "4206436"]
[EventDate "2024.04.19"]

1. d4 Nf6 2. c4 e6 3. Nf3 Bb4+ 4. Nbd2 O-O 5. a3 Bxd2+ 6. Qxd2 b6 7. g3 Bb7 8.
Bg2 c5 9. O-O cxd4 10. Qxd4 Nc6 11. Qd3 Qe7 12. e4 d6 13. b3 Rfd8 14. Bb2 a5 15.
Rfe1 Ng4 16. Rad1 Rac8 17. Nd4 a4 18. Nxc6 Bxc6 19. Qd4 Qg5 20. Qxb6 axb3 21.
Qxb3 Rb8 22. Qc2 Ba4 23. Qd2 Qh5 24. Rc1 Qxh2+ 25. Kf1 Rdc8 26. Bxg7 Qh5 27. Ba1
e5 28. f3 Nh2+ 29. Kf2 Rb3 30. Rc3 Rcb8 31. Rh1 Rb1 32. Rxb1 Rxb1 33. Rc1 Rb3
34. Bc3 f5 35. Qxd6 fxe4 36. Qe6+ Kf8 37. Qf6+ Qf7 38. Bb4+ Kg8 39. Qg5+ Qg6 40.
Qxg6+ hxg6 41. Bc3 exf3 42. Bxf3 Nxf3 43. Kxf3 Bc6+ 44. Kg4 Rxa3 45. Bxe5 Re3
46. Bf4 Re4 47. c5 Kf7 48. Kg5 Rd4 49. Be5 Rd5 50. Kf4 g5+ 51. Kf5 Bd7+ 52. Ke4
Bc6 53. Rf1+ Ke7 54. Bf6+ Ke6 55. Ke3 Rxc5 1/2-1/2

[Event "24th ch-EUR Indiv w 2024"]
[Site "Rhodes GRE"]
[Date "2024.04.21"]
[Round "3.72"]
[White "Tsetskhladze, Mariam"]
[Black "Suleimanova, Ava"]
[Result "1-0"]
[WhiteTitle "WCM"]
[BlackTitle "WGM"]
[WhiteElo "1955"]
[BlackElo "2139"]
[WhiteFideId "13623834"]
[BlackFideId "4137728"]
[EventDate "2024.04.19"]

1. e4 c5 2. Nf3 Nc6 3. Bb5 e6 4. O-O Nge7 5. Re1 a6 6. Bf1 d5 7. exd5 Qxd5 8.
Nc3 Qd8 9. d3 Nf5 10. Ne4 Be7 11. Bf4 O-O 12. c3 b6 13. Qb3 Kh8 14. Rad1 f6 15.
g3 g5 16. Bc1 g4 17. Nfd2 Ne5 18. Bg2 Ra7 19. Nc4 Nf3+ 20. Bxf3 gxf3 21. Qxb6
Rd7 22. Qxd8 Rfxd8 23. Nb6 Bb7 24. Nxd7 Rxd7 25. b3 e5 26. Ba3 Rc7 27. Nd2 Kg8
28. Nc4 Kf7 29. Nb6 h5 30. Nc4 Bf8 31. Bc1 Rd7 32. Ba3 Rc7 33. Ne3 Nd6 34. Bb2
f5 35. Nc4 Nxc4 36. dxc4 Be4 37. Rd8 Ke7 38. Red1 Bc2 39. R1d5 Be4 40. R5d6 Bh6
41. Ba3 Bg5 42. b4 Bc6 43. b5 axb5 44. Bxc5 Kf7 45. Rf8+ Kg7 46. Rxf5 Bc1 47.
Rxe5 bxc4 48. Bb6 Rc8 49. Rd8 1-0